[Event "18th Chefchaouen Open 2019"]
[Site "Chefchaouen"]
[Date "2019.07.17"]
[Round "5.4"]
[White "ouaziz ismail"]
[Black "Karpatchev, Aleksandr"]
[Result "0-1"]
[WhiteElo "2011"]
[BlackElo "2445"]
[Annotator "NA"]
[PlyCount "97"]
[EventDate "2019.07.15"]
[EventType "swiss"]
[EventCountry "MAR"]
[SourceTitle "playchess.com"]
[Source "ChessBase"]
[SourceQuality "1"]
[TimeControl "5400+30"]

1. e4 {[%emt 0:03:51]} e5 {[%emt 0:00:00]} 2. Nf3 {[%emt 0:00:08]} Nc6 {[%emt 0:00:00]} 3. Bc4 {[%emt 0:00:14]} Nf6 {[%emt 0:00:25]} 4. d3 {[%emt 0:00:23]} h6 {[%emt 0:00:32]} 5. O-O {[%emt 0:00:53]} d6 {[%emt 0:00:12]} 6. a4 {[%emt 0:02:06]} g5 {[%emt 0:01:07]} 7. c3 {[%emt 0:02:34]} Bg7 {[%emt 0:00:21]} 8. Re1 {[%emt 0:02:49]} O-O {[%emt 0:07:01]} 9. Nbd2 {[%emt 0:00:38]} g4 {[%emt 0:02:31]} 10. Nh4 {[%emt 0:00:49]} Nxe4 {[%emt 0:00:14]} 11. dxe4 {[%emt 0:02:25]} Qxh4 {[%emt 0:00:19]} 12. Nf1 {[%emt 0:00:34]} Ne7 {[%emt 0:06:42]} 13. Be3 {[%emt 0:02:04]} Qf6 {[%emt 0:03:51]} 14. Qd2 {[%emt 0:03:48]} Qg6 {[%emt 0:01:17]} 15. Ng3 {[%emt 0:02:05]} Kh8 {[%emt 0:09:12]} 16. a5 {[%emt 0:05:40]} a6 {[%emt 0:00:40]} 17. b4 {[%emt 0:00:40]} h5 {[%emt 0:02:04]} 18. Bd3 {[%emt 0:05:51]} h4 {[%emt 0:02:09]} 19. Bg5 {[%emt 0:03:18]} hxg3 {[%emt 0:05:03]} 20. Bxe7 {[%emt 0:00:23]} Bh6 {[%emt 0:01:29]} 21. Qc2 {[%emt 0:03:04]} gxh2+ {[%emt 0:00:16]} 22. Kh1 {[%emt 0:00:37]} Rg8 {[%emt 0:05:46]} 23. Bh4 {[%emt 0:01:48]} Qh5 {[%emt 0:01:45]} 24. g3 {[%emt 0:00:30]} Kg7 {[%emt 0:49:04]} 25. c4 {[%emt 0:06:49]} Bg5 {[%emt 0:00:00]} 26. Bxg5 {[%emt 0:00:26]} Qxg5 {[%emt 0:00:00]} 27. b5 {[%emt 0:01:21]} Be6 {[%emt 0:00:00]} 28. c5 {[%emt 0:01:21]} Qf6 {[%emt 0:00:00]} 29. Qe2 {[%emt 0:08:10]} axb5 {[%emt 0:00:00]} 30. cxd6 {[%emt 0:00:56]} cxd6 {[%emt 0:00:00]} 31. Bxb5 {[%emt 0:00:37]} Rgc8 {[%emt 0:00:00]} 32. Bd3 {[%emt 0:05:17]} Rc3 {[%emt 0:00:00]} 33. Reb1 {[%emt 0:04:54]} Rac8 {[%emt 0:00:00]} 34. Rf1 {[%emt 0:03:38]} Qf3+ {[%emt 0:00:00]} 35. Qxf3 {[%emt 0:02:02]} gxf3 {[%emt 0:00:00]} 36. Rfd1 {[%emt 0:01:07]} Bh3 {[%emt 0:00:00]} 37. Bf1 {[%emt 0:00:13]} Bxf1 {[%emt 0:00:00]} 38. Rxf1 {[%emt 0:00:17]} Kf6 {[%emt 0:00:00]} 39. Rab1 {[%emt 0:00:53]} R8c7 {[%emt 0:00:20]} 40. Rb6 {[%emt 0:09:53]} Rd3 {[%emt 0:00:53]} 41. Kxh2 {[%emt 0:03:23]} Kg5 {[%emt 0:00:17]} 42. Rfb1 {[%emt 0:01:19]} Rd2 {[%emt 0:00:35]} 43. Kg1 {[%emt 0:00:15]} Rcc2 {[%emt 0:01:37]} 44. Rf1 {[%emt 0:00:27]} f5 {[%emt 0:00:22]} 45. exf5 {[%emt 0:00:22]} e4 {[%emt 0:00:22]} 46. Rxb7 {[%emt 0:04:29]} e3 {[%emt 0:06:34]} 47. a6 {[%emt 0:08:09]} e2 {[%emt 0:00:30]} 48. Re1 {[%emt 0:00:30]} Rd1 {[%emt 0:00:30]} 49. Rb1 {[%emt 0:00:30]} 0-1

[Event "18th Chefchaouen Open 2019"]
[Site "Chefchaouen"]
[Date "2019.07.17"]
[Round "5.6"]
[White "Benaino, Samir"]
[Black "Gorbatov, Alexej"]
[Result "1/2-1/2"]
[WhiteElo "2063"]
[BlackElo "2374"]
[Annotator "NA"]
[PlyCount "108"]
[EventDate "2019.07.15"]
[EventType "swiss"]
[EventCountry "MAR"]
[SourceTitle "playchess.com"]
[Source "ChessBase"]
[SourceQuality "1"]
[TimeControl "5400+30"]

1. d4 {[%emt 0:00:00]} c5 {[%emt 0:00:00]} 2. e3 {[%emt 0:00:02]} d5 {[%emt 0:00:00]} 3. Nf3 {[%emt 0:00:48]} Nc6 {[%emt 0:00:37]} 4. b3 {[%emt 0:06:17]} cxd4 {[%emt 0:01:04]} 5. exd4 {[%emt 0:02:46]} Bg4 {[%emt 0:00:45]} 6. Bb2 {[%emt 0:01:18]} e6 {[%emt 0:00:34]} 7. a3 {[%emt 0:00:30]} Bd6 {[%emt 0:04:38]} 8. Nbd2 {[%emt 0:06:08]} Nge7 {[%emt 0:00:29]} 9. Bd3 {[%emt 0:00:54]} Rc8 {[%emt 0:04:55]} 10. O-O {[%emt 0:09:53]} Bf4 {[%emt 0:01:40]} 11. h3 {[%emt 0:05:13]} Bh5 {[%emt 0:00:31]} 12. Qe1 {[%emt 0:09:48]} Bxd2 {[%emt 0:01:08]} 13. Nxd2 {[%emt 0:02:56]} Bg6 {[%emt 0:00:05]} 14. Bxg6 {[%emt 0:01:14]} hxg6 {[%emt 0:00:16]} 15. Nf3 {[%emt 0:00:35]} Nf5 {[%emt 0:00:16]} 16. c4 {[%emt 0:00:34]} O-O {[%emt 0:10:58]} 17. c5 {[%emt 0:04:10]} Nh4 {[%emt 0:00:24]} 18. Qe3 {[%emt 0:06:04]} Nxf3+ {[%emt 0:00:14]} 19. Qxf3 {[%emt 0:00:07]} Qh4 {[%emt 0:05:59]} 20. Rad1 {[%emt 0:04:58]} Rfd8 {[%emt 0:00:56]} 21. Rfe1 {[%emt 0:00:51]} b6 {[%emt 0:03:26]} 22. b4 {[%emt 0:01:27]} bxc5 {[%emt 0:00:53]} 23. dxc5 {[%emt 0:03:43]} Qc4 {[%emt 0:00:14]} 24. Qe2 {[%emt 0:03:35]} Qxe2 {[%emt 0:00:34]} 25. Rxe2 {[%emt 0:00:06]} a6 {[%emt 0:01:53]} 26. f4 {[%emt 0:02:45]} Rb8 {[%emt 0:01:43]} 27. Be5 {[%emt 0:00:13]} Rb7 {[%emt 0:01:18]} 28. Rb2 {[%emt 0:07:00]} g5 {[%emt 0:00:53]} 29. Rdb1 {[%emt 0:01:32]} gxf4 {[%emt 0:00:06]} 30. Bxf4 {[%emt 0:01:39]} e5 {[%emt 0:00:05]} 31. Bg3 {[%emt 0:01:08]} Rdb8 {[%emt 0:02:10]} 32. a4 {[%emt 0:02:06]} Rxb4 {[%emt 0:00:12]} 33. Bxe5 {[%emt 0:00:43]} Rxb2 {[%emt 0:00:32]} 34. Rxb2 {[%emt 0:00:01]} Rxb2 {[%emt 0:00:07]} 35. Bxb2 {[%emt 0:00:05]} f6 {[%emt 0:00:13]} 36. Kf2 {[%emt 0:00:33]} Kf7 {[%emt 0:00:01]} 37. Ke3 {[%emt 0:00:21]} Ke6 {[%emt 0:00:03]} 38. g4 {[%emt 0:01:57]} g5 {[%emt 0:02:10]} 39. Bc3 {[%emt 0:01:56]} Ne5 {[%emt 0:21:24]} 40. Kd4 {[%emt 0:04:32]} Nf3+ {[%emt 0:03:36]} 41. Ke3 {[%emt 0:00:22]} Ng1 {[%emt 0:01:25]} 42. c6 {[%emt 0:00:05]} Kd6 {[%emt 0:00:17]} 43. Bxf6 {[%emt 0:00:06]} Nxh3 {[%emt 0:00:08]} 44. Kf3 {[%emt 0:01:24]} Kxc6 {[%emt 0:00:08]} 45. Kg3 {[%emt 0:00:45]} Nf4 {[%emt 0:00:12]} 46. Bxg5 {[%emt 0:00:16]} Ne6 {[%emt 0:00:02]} 47. Bd2 {[%emt 0:00:39]} d4 {[%emt 0:04:05]} 48. g5 {[%emt 0:00:21]} Kd5 {[%emt 0:00:01]} 49. Kg4 {[%emt 0:01:46]} Ke4 {[%emt 0:00:55]} 50. g6 {[%emt 0:00:35]} Ke5 {[%emt 0:04:57]} 51. Bh6 {[%emt 0:01:23]} Kf6 {[%emt 0:01:07]} 52. g7 {[%emt 0:02:07]} Kf7 {[%emt 0:00:23]} 53. Kf5 {[%emt 0:00:14]} Nc5 {[%emt 0:00:14]} 54. Ke5 {[%emt 0:00:42]} Ke8 {[%emt 0:26:04]} 1/2-1/2

[Event "18th Chefchaouen Open 2019"]
[Site "Chefchaouen"]
[Date "2019.07.18"]
[Round "6.2"]
[White "Levin, Evgeny A."]
[Black "Buscara, Sevan"]
[Result "*"]
[WhiteElo "2504"]
[BlackElo "2404"]
[Annotator "TA"]
[PlyCount "38"]
[EventDate "2019.07.15"]
[EventType "swiss"]
[EventCountry "MAR"]
[SourceTitle "playchess.com"]
[Source "ChessBase"]
[SourceQuality "1"]

{[%evp 13,38,21,16,10,29,10,19,16,26,27,18,20,21,26,30,25,48,35,44,41,54,46,69,64,67,42,123]} 1. d4 d5 2. c4 c6 3. Nf3 Nf6 4. e3 Bg4 5. Nc3 $146 ({Predecessor:} 5. h3 Bh5 6. Nc3 {0-1 (60) Nyback,T (2594)-Shirov,A (2689) Reykjavik 2015}) 5... e6 6. h3 Bh5 7. g4 Bg6 8. Ne5 {D11: Slav Defence: 3 Nf3 sidelines and 3...Nf6 4 e3 Bg4} Nbd7 9. Nxg6 hxg6 10. g5 {The position is equal.} Ng8 11. h4 Ne7 12. Bd2 Nf5 13. Qg4 Be7 14. Rh3 Nb6 15. c5 {White is slightly better.} Nd7 16. b4 {[%cal Bb2b4,Bb4c5][%mdl 32]} b6 17. Ba6 bxc5 18. bxc5 Rb8 19. Bd3 Ra8 (19... Rb4 $14) *

[Event "18th Chefchaouen Open 2019"]
[Site "Chefchaouen"]
[Date "2019.07.18"]
[Round "6.3"]
[White "Duzhakov, Ilya"]
[Black "Flom, Gabriel"]
[Result "0-1"]
[WhiteElo "2383"]
[BlackElo "2494"]
[Annotator "TA"]
[PlyCount "92"]
[EventDate "2019.07.15"]
[EventType "swiss"]
[EventCountry "MAR"]
[SourceTitle "playchess.com"]
[Source "ChessBase"]
[SourceQuality "1"]

{[%evp 13,92,33,47,27,19,27,28,28,31,34,35,28,32,34,41,43,56,18,49,0,0,-20,-27,-12,-8,-29,-20,-35,-32,-28,-48,-94,-105,-104,-87,-80,-81,-98,-91,-93,-91,-112,-118,-135,-137,-143,-132,-132,-142,-207,-194,-199,-176,-238,-230,-230,-203,-177,-59,-171,-150,-278,-266,-244,-237,-460,-441,-584,-589,-495,-477,-5014,-4096,-2632,-4311,-2145,-838,-2550,-2232,-1477,-1325]} 1. d4 Nf6 2. c4 e6 3. Nf3 c5 4. d5 d6 5. Nc3 exd5 6. cxd5 g6 7. h3 Bg7 8. Bf4 {A61: Modern Benoni: Nf3 without early e4} O-O 9. e3 Na6 10. Bxa6 {White has an edge.} bxa6 11. Rc1 Rb8 12. b3 Nh5 13. Bh2 f5 14. O-O {[#]} f4 $146 ({Predecessor:} 14... a5 15. Re1 Rb4 {½-½ (44) Georgiadis,N (2525)-Papp,G (2603) Germany 2019}) 15. Nd2 a5 16. Kh1 Ba6 $36 {[%mdl 2048] Black has good play.} 17. Nc4 Bxc4 18. bxc4 fxe3 19. fxe3 Rxf1+ 20. Qxf1 Qe7 21. Qd3 Be5 22. Qe4 Nf6 23. Qd3 Bxh2 24. Kxh2 Rb2 {Hoping for ...Ng4+!} 25. Rf1 Qe5+ 26. Kg1 {[#]} a4 $1 {[%mdl 512]} 27. Nxa4 Rxa2 {( -> ...Qg3!)} 28. Qc3 {Threatens to win with Qxe5.} Nd7 $1 ({Don't play} 28... Rxa4 $6 29. Qxe5 dxe5 30. Rxf6 $11) ({Weaker is} 28... Qg3 29. Nb2 $14) 29. Qxe5 Nxe5 $17 {[%mdl 4096] Endgame KRN-KRN} 30. Nc3 Rc2 31. Nb5 (31. Ne4 $17 Nxc4 32. Rb1) 31... Nxc4 $19 32. e4 a5 $1 {[%cal Ba7a5,Ba5a4,Ba4a3][%mdl 32]} 33. Rf6 (33. Nc7 {was called for.}) 33... a4 34. Nxd6 Ne3 $1 35. Nb5 Rxg2+ 36. Kh1 {[#]} Rb2 $1 {[%cal Rb2b5]} 37. Nc3 (37. Na3 $17) 37... a3 38. Ra6 Rb3 39. d6 $2 {[#]} (39. Ne2 {was the only defense.}) 39... Kf7 $1 {Black is clearly winning.} ({Less strong is} 39... Rxc3 40. d7 $15) 40. Ra7+ Ke6 41. d7 Ke7 42. e5 (42. Ne2 $142 Rb1+ 43. Ng1) 42... Rxc3 43. e6 Rd3 44. Ra8 Kxe6 45. d8=Q Rxd8 46. Rxd8 Nc2 {Accuracy: White = 53%, Black = 86%.} 0-1

[Event "18th Chefchaouen Open 2019"]
[Site "Chefchaouen"]
[Date "2019.07.18"]
[Round "6.4"]
[White "Karpatchev, Aleksandr"]
[Black "Akhrof, Lissandine"]
[Result "0-1"]
[WhiteElo "2445"]
[BlackElo "2153"]
[Annotator "NA"]
[PlyCount "80"]
[EventDate "2019.07.15"]
[EventType "swiss"]
[EventCountry "MAR"]
[SourceTitle "playchess.com"]
[Source "ChessBase"]
[SourceQuality "1"]
[TimeControl "5400+30"]

1. e4 {[%emt 0:01:13]} e5 {[%emt 0:00:00]} 2. Bc4 {[%emt 0:00:50]} Nc6 {[%emt 0:01:14]} 3. Nf3 {[%emt 0:00:47]} Bc5 {[%emt 0:00:28]} 4. b4 {[%emt 0:00:44]} Bxb4 {[%emt 0:00:24]} 5. c3 {[%emt 0:00:01]} Be7 {[%emt 0:00:36]} 6. d4 {[%emt 0:00:12]} Na5 {[%emt 0:00:20]} 7. Be2 {[%emt 0:00:14]} d6 {[%emt 0:01:12] C51: Evans Gambit: Declined and Accepted without 5...Ba5} 8. Qa4+ {[%emt 0:00:15]} c6 {[%emt 0:00:15]} 9. dxe5 {[%emt 0:00:05]} dxe5 {[%emt 0:00:59]} 10. Nxe5 {[%emt 0:00:05]} Nf6 {[%emt 0:00:17]} 11. O-O {[%emt 0:00:06]} O-O {[%emt 0:08:40]} 12. Bf4 {[%emt 0:04:52]} b5 {[%emt 0:04:38]} 13. Qc2 {[%emt 0:01:00]} Be6 {[%emt 0:06:59]} 14. Nd2 {[%emt 0:06:00] [#]} Bd6 $146 {[%emt 0:04:26]} ({Predecessor:} 14... Nd7 15. Nef3 {½-½ (52) Pruijssers,R (2484)-Kazhgaleyev,M (2637) Wijk aan Zee 2011}) 15. Bg3 {[%emt 0:08:11]} Qc7 {[%emt 0:02:21]} 16. f4 {[%emt 0:02:23]} Rad8 {[%emt 0:04:13]} 17. Rad1 {[%emt 0:09:39]} Rfe8 {[%emt 0:04:02]} 18. Kh1 {[%emt 0:02:44]} Bc8 {[%emt 0:06:10]} 19. h3 {[%emt 0:04:23]} a6 {[%emt 0:05:43]} 20. Bf3 {[%emt 0:13:47]} c5 {[%emt 0:05:14]} 21. Nb3 {[%emt 0:15:18]} Nc4 {[%emt 0:08:08]} 22. Nxc4 $1 {[%emt 0:00:42]} bxc4 {[%emt 0:00:06]} 23. e5 {[%emt 0:00:14]} cxb3 {[%emt 0:01:53]} 24. axb3 {[%emt 0:00:16]} Be7 {[%emt 0:00:55]} 25. exf6 {[%emt 0:00:11]} Bxf6 {[%emt 0:00:07]} 26. Rxd8 $11 {[%emt 0:04:37]} Qxd8 {[%emt 0:02:54]} 27. Re1 {[%emt 0:04:48]} Rxe1+ {[%emt 0:01:18]} 28. Bxe1 {[%emt 0:00:03]} g6 {[%emt 0:01:44]} 29. g4 {[%emt 0:01:12]} Be6 {[%emt 0:04:08]} 30. Kg2 {[%emt 0:04:42]} Qb8 {[%emt 0:02:30]} 31. Qf2 {[%emt 0:04:32]} Qxf4 {[%emt 0:02:38]} 32. Bd2 {[%emt 0:02:06]} Qd6 {[%emt 0:01:36]} 33. c4 {[%emt 0:01:15]} Bh4 {[%emt 0:02:49]} 34. Qxh4 {[%emt 0:02:40]} Qxd2+ {[%emt 0:00:06]} 35. Qf2 {[%emt 0:00:07]} Qxf2+ {[%emt 0:00:41]} 36. Kxf2 {[%emt 0:00:01]} Kg7 {[%emt 0:00:57]} 37. Ke3 {[%emt 0:00:18]} Kf6 {[%emt 0:00:21]} 38. h4 {[%emt 0:02:58]} h6 {[%emt 0:00:23]} 39. Kf4 {[%emt 0:00:21]} g5+ {[%emt 0:00:16]} 40. hxg5+ {[%emt 0:00:23]} hxg5+ {[%emt 0:00:09]} 0-1

[Event "18th Chefchaouen Open 2019"]
[Site "Chefchaouen"]
[Date "2019.07.19"]
[Round "7.1"]
[White "Korneev, Oleg"]
[Black "Flom, Gabriel"]
[Result "1/2-1/2"]
[WhiteElo "2523"]
[BlackElo "2494"]
[Annotator "TA"]
[PlyCount "79"]
[EventDate "2019.07.15"]
[EventType "swiss"]
[EventCountry "MAR"]
[SourceTitle "playchess.com"]
[Source "ChessBase"]
[SourceQuality "1"]

{[%evp 15,79,6,21,13,13,4,18,4,22,0,0,-8,3,10,0,-18,-21,-46,12,14,35,20,43,46,54,51,54,41,40,43,63,35,49,43,38,0,13,0,0,0,0,-38,-26,-25,-17,-37,114,99,158,0,0,0,0,0,0,0,0,0,0,0,0,0,0,0,0,0]} 1. e4 e6 2. d4 d5 3. Nd2 c5 4. Ngf3 cxd4 5. Nxd4 Nc6 6. Bb5 Bd7 7. Nxc6 bxc6 8. Bd3 Qc7 9. Qe2 {C07: French Tarrasch: 3...c5, 4 Ngf3 and 4 exd5 Qxd5} Ne7 10. O-O Ng6 11. Nf3 Be7 (11... Bd6 12. c4 dxe4 13. Bxe4 O-O 14. Rd1 Rad8 15. h3 c5 16. b3 Bc6 {0-1 (40) Nepomniachtchi,I (2763)-Vitiugov,N (2719) St Petersburg 2018}) 12. e5 c5 13. b3 {[#]} O-O $146 ({Predecessor:} 13... Rb8 14. Re1 a5 15. Bd2 a4 16. Rab1 O-O 17. h4 {½-½ (17) Munoz Pantoja,M (2495)-Peralta,F (2537) Sabadell 2017}) 14. h4 f5 15. h5 Nh8 16. h6 Nf7 ({Black should try} 16... g6 $1 $15) 17. hxg7 $11 Kxg7 18. c4 $36 {[%mdl 2048] [#] aiming for cxd5. White is more active.} Bc6 19. cxd5 Bxd5 20. Bc4 Rad8 21. Bf4 Bxc4 22. Qxc4 Rd5 23. Rad1 Rfd8 $1 24. Rxd5 Rxd5 25. b4 Qd7 26. b5 h6 27. a4 Ng5 {Threatening ...Nxf3+.} 28. Bxg5 hxg5 29. g4 $1 Rd3 30. Kg2 fxg4 $2 (30... Ra3 $15 31. Rh1 Qd3 32. Qxd3 Rxd3) 31. Qxg4 $16 Qd5 ({Better is} 31... Qe8) 32. Rh1 $2 ({White must play} 32. Qh5 $16 {Strongly threatening Rh1.} Qe4 33. Rh1) 32... Rd4 $1 $11 {[%cal Rd4g4] The position is equal.} 33. Qh5 {[#] Threatening mate with Qh8+.} Rh4 $1 {[%cal Rh4h5]} 34. Rxh4 gxh4 35. a5 c4 36. b6 axb6 37. axb6 c3 38. Qg4+ Kf7 39. Qf4+ Kg7 40. Qg4+ {Accuracy: White = 60%, Black = 68%.} 1/2-1/2

[Event "18th Chefchaouen Open 2019"]
[Site "Chefchaouen"]
[Date "2019.07.19"]
[Round "7.2"]
[White "Ashraf, Shereif"]
[Black "Karpatchev, Aleksandr"]
[Result "0-1"]
[WhiteElo "2292"]
[BlackElo "2445"]
[Annotator "TA"]
[PlyCount "64"]
[EventDate "2019.07.15"]
[EventType "swiss"]
[EventCountry "MAR"]
[SourceTitle "playchess.com"]
[Source "ChessBase"]
[SourceQuality "1"]

{[%evp 9,64,0,37,34,85,71,88,67,70,39,53,36,41,51,40,33,37,33,56,35,55,45,39,29,43,22,64,58,55,32,25,0,0,-24,-20,-12,-26,-54,-47,-127,-65,-131,-82,-75,-36,-90,-97,-96,-89,-195,-186,-172,-169,-245,-218,-598,-597]} 1. d4 d5 2. c4 dxc4 3. e3 c5 4. Bxc4 cxd4 5. Nf3 e6 (5... Qc7 $5 {[%cal Rc7c4]} 6. Qe2 (6. Qxd4 Nc6 $11) 6... Be6 $11) 6. O-O {[%mdl 1024] White has compensation. D21: Queen's Gambit Accepted: 3 Nf3 sidelines} (6. exd4 Nf6 7. O-O Be7 8. Nc3 O-O 9. Re1 a6 10. Bg5 b5 11. Bb3 h6 12. Bxf6 Bxf6 13. d5 Bxc3 14. bxc3 exd5 15. Bxd5 Ra7 16. Ne5 Qf6 17. Qd4 {1-0 (55) Jakovenko,D (2718)-Savchenko,B (2616) Olginka 2011}) 6... d3 (6... Qc7 $14 7. Qd3 (7. Qxd4 Nc6 $14) 7... Nf6) 7. Nc3 a6 $146 ({Predecessor:} 7... Nf6 8. e4 Nc6 9. e5 Nd7 10. Re1 Nb4 11. Ng5 Be7 12. Nxf7 Kxf7 13. Bxe6+ {0-1 (27) Ryan,J (2305)-Afek,Y (2381) Port Erin 2001}) 8. e4 {White is better.} Nc6 9. Bf4 (9. Bxd3 {is more complex.} Bd6 10. h3 Nge7 11. Be3 Ng6 12. Qd2) 9... Nge7 10. Qxd3 (10. Bxd3 {seems wilder.} Ng6 11. Be3 Bd6 12. Rc1 O-O 13. Bb1) 10... Qxd3 11. Bxd3 Ng6 12. Be3 Nb4 13. Bb1 b5 14. a4 bxa4 15. Nxa4 Be7 16. Rc1 {Black must now prevent Nb6.} O-O 17. h4 {Strongly threatening h5.} h5 18. Nb6 Rb8 19. Ra4 Rd8 20. Kh2 Bb7 21. g3 Nd3 22. Bxd3 Rxd3 23. Rc3 Rd1 24. Bc5 (24. Rac4 $15) 24... Bf6 (24... Bc6 $17 {aiming for ...Bxc5.} 25. Rb4 a5) 25. Rb3 (25. Re3 $15) 25... Rbd8 26. Be3 Rb1 27. Rab4 (27. Nd5 $15 Bxd5 28. exd5) 27... a5 $17 28. Ra4 Rdd1 ({Stronger than} 28... Bxb2 29. Nd2 $16) 29. Rc4 (29. Nd5 $17 Bxd5 30. exd5 Rxd5 31. Kg2) 29... Ne5 $1 $36 {[%cal Re5c4][%mdl 2048] White is under strong pressure.} ({Much less strong is} 29... Rxb2 30. Rxb2 Bxb2 31. Na4 $17) ({Don't take} 29... Bxb2 30. Na4 $17) 30. Nxe5 Bxe5 31. Na4 {[#]} (31. Rb5 $142 Bxb2 32. Na4) 31... Ba6 $1 {[%cal Ra6c4]} 32. Rc5 $2 {[#]} (32. Rc2) 32... Be2 $1 {Accuracy: White = 26%, Black = 55%.} 0-1

[Event "18th Chefchaouen Open 2019"]
[Site "Chefchaouen"]
[Date "2019.07.19"]
[Round "7.3"]
[White "Akhrof, Lissandine"]
[Black "Levin, Evgeny A."]
[Result "0-1"]
[WhiteElo "2153"]
[BlackElo "2504"]
[Annotator "TA"]
[PlyCount "76"]
[EventDate "2019.07.15"]
[EventType "swiss"]
[EventCountry "MAR"]
[SourceTitle "playchess.com"]
[Source "ChessBase"]
[SourceQuality "1"]

{[%evp 17,126,12,10,14,20,19,33,-12,0,-9,0,0,0,-21,-14,-71,-66,-68,-56,-141,-137,-139,-132,-176,-154,-204,-199,-210,-222,-260,-137,-127,-137,-174,-170,-211,-171,-204,-193,-189,-145,-161,-165,-163,-157,-191,-204,-190,-189,-195,-194,-207,-217,-192,-183,-202,-168,-174,-185,-244,-173,-237,-259,-443,-467,-458,-197,-198,-206,-236,-237,-182,-114,-114,-114,-114,-114,-114,-114,-114,-114,-114,-114,-114,0,-114,-114,-114,-114,-114,-114,-114,-114,-168,-168,-168,-151,-168,-148,-256,-242,-5498,-5359,-5396,-1401,-6456,-6449,-6536,-6345,-6210,-6210]} 1. d4 Nf6 2. Nf3 g6 3. g3 Bg7 4. Bg2 O-O 5. O-O d6 6. c4 Nc6 7. Nc3 Rb8 8. h3 a6 9. e4 b5 10. d5 {E63: King's Indian: Fianchetto: Panno Variation with 7...a6} b4 11. Ne2 (11. dxc6 bxc3 12. b3 Nxe4 $17) 11... Na5 $1 12. Nd2 {White is slightly better.} (12. Qc2 c6 13. Nfd4 cxd5 14. exd5 Qc7 15. b3 e5 16. dxe6 fxe6 17. a3 bxa3 {1-0 (45) Aronian,L (2812)-Nakamura,H (2789) Zuerich 2014}) 12... c6 $146 ({Predecessor:} 12... Bd7 13. Nf4 c6 14. Qe2 cxd5 15. exd5 Qc7 16. Re1 Bb5 17. cxb5 g5 {1-0 (50) Nowak,A (2161)-Buse,D (2176) GER email 2002}) 13. a3 Nd7 14. axb4 Rxb4 {[%mdl 64] Double Attack} 15. Ra4 Qb6 16. Qc2 (16. Nc3 $11) 16... cxd5 $17 17. cxd5 Ne5 18. Nb1 (18. Rxb4 $15 Qxb4 19. Nb1) 18... Rxa4 19. Qxa4 Bd7 $1 {[%cal Rd7a4]} 20. Qc2 Nec4 21. Nbc3 Rb8 22. b4 Qxb4 23. Bg5 Re8 (23... h6 $19 24. Rb1 Nb3) 24. Rb1 Qc5 {Threatens to win with ...Na3.} 25. Na4 Qa7 {aiming for ...Na3.} 26. Rb4 Rc8 27. Qa2 h6 $1 {[%cal Rh6g5]} 28. Bf4 Qc7 29. Nb6 Rb8 30. Rxc4 Qxb6 31. Rc1 Nb3 32. Rb1 {And now Nc1 would win.} a5 {[%cal Ba6a5,Ba5a4][%mdl 32]} 33. Be3 Qb7 34. Nd4 {[%cal Rb1b3]} a4 ({Don't play} 34... Bxd4 35. Bxd4 a4 36. Be3 $17) 35. e5 Bxe5 ({Much less strong is} 35... dxe5 36. Nc6 $15) 36. Nc6 {[#]} Bxc6 $1 37. dxc6 {[#]} Qb5 $1 38. Qc2 (38. Bxh6 $142 e6 39. Qc2) 38... d5 {Played: Rb8-c8} 0-1

[Event "18th Chefchaouen Open 2019"]
[Site "Chefchaouen"]
[Date "2019.07.19"]
[Round "7.5"]
[White "Buscara, Sevan"]
[Black "Benaddi, Mouhcine"]
[Result "1/2-1/2"]
[WhiteElo "2404"]
[BlackElo "2111"]
[Annotator "ChessBase"]
[PlyCount "85"]
[EventDate "2019.07.15"]
[EventType "swiss"]
[EventCountry "MAR"]
[SourceTitle "playchess.com"]
[Source "ChessBase"]
[SourceQuality "1"]
[TimeControl "5400+30"]

1. g3 {[%emt 0:00:00]} d5 {[%emt 0:00:00]} 2. Bg2 {[%emt 0:00:00]} Nf6 {[%emt 0:00:03]} 3. Nf3 {[%emt 0:00:09]} Bf5 {[%emt 0:00:47]} 4. d3 {[%emt 0:02:18]} e6 {[%emt 0:01:22]} 5. O-O {[%emt 0:01:02]} Be7 {[%emt 0:02:17]} 6. c4 {[%emt 0:00:39]} Nbd7 {[%emt 0:04:38]} 7. Nh4 {[%emt 0:00:38]} Bg4 {[%emt 0:02:46]} 8. h3 {[%emt 0:00:06]} Bh5 {[%emt 0:00:09]} 9. cxd5 {[%emt 0:00:34]} Nxd5 {[%emt 0:04:32]} 10. Nf3 {[%emt 0:01:12]} O-O {[%emt 0:03:31]} 11. Nbd2 {[%emt 0:02:16]} c6 {[%emt 0:02:55]} 12. Qc2 {[%emt 0:04:46]} h6 {[%emt 0:01:44]} 13. a3 {[%emt 0:00:59]} Qc7 {[%emt 0:01:42]} 14. b4 {[%emt 0:01:53]} a5 {[%emt 0:03:29]} 15. e4 {[%emt 0:03:27]} N5b6 {[%emt 0:03:17]} 16. b5 {[%emt 0:01:10]} Rfc8 {[%emt 0:05:11]} 17. Rb1 {[%emt 0:11:31]} cxb5 {[%emt 0:04:26]} 18. Qxc7 {[%emt 0:00:14]} Rxc7 {[%emt 0:00:04]} 19. Rxb5 {[%emt 0:00:10]} Rc5 {[%emt 0:00:08]} 20. Rb1 {[%emt 0:00:22]} Rc3 {[%emt 0:01:26]} 21. Bb2 {[%emt 0:05:22]} Rxd3 {[%emt 0:06:43]} 22. g4 {[%emt 0:00:52]} Bg6 {[%emt 0:00:22]} 23. Bd4 {[%emt 0:00:18]} Bd8 {[%emt 0:04:52]} 24. Rfc1 {[%emt 0:12:22]} Rxa3 {[%emt 0:05:21]} 25. Bf1 {[%emt 0:02:04]} Rxf3 {[%emt 0:03:29]} 26. Nxf3 {[%emt 0:00:08]} Bxe4 {[%emt 0:00:03]} 27. Rb3 {[%emt 0:00:39]} a4 {[%emt 0:01:41]} 28. Re3 {[%emt 0:04:14]} Bc6 {[%emt 0:01:13]} 29. Ra1 {[%emt 0:03:20]} Nd5 {[%emt 0:01:13]} 30. Rb3 {[%emt 0:04:37]} Ra5 {[%emt 0:04:04]} 31. Rbb1 {[%emt 0:01:29]} f6 {[%emt 0:00:33]} 32. Nd2 {[%emt 0:02:05]} e5 {[%emt 0:02:15]} 33. Bb2 {[%emt 0:01:51]} Be7 {[%emt 0:01:28]} 34. Nc4 {[%emt 0:00:41]} Ra8 {[%emt 0:00:20]} 35. Ba3 {[%emt 0:00:57]} Nc5 {[%emt 0:04:00]} 36. Nb6 {[%emt 0:07:10]} Nxb6 {[%emt 0:04:06]} 37. Rxb6 {[%emt 0:00:49]} Kf8 {[%emt 0:00:17]} 38. Bb5 {[%emt 0:03:17]} Nd7 {[%emt 0:02:41]} 39. Rxc6 {[%emt 0:02:22]} bxc6 {[%emt 0:01:22]} 40. Bxc6 {[%emt 0:00:13]} Ra7 {[%emt 0:00:15]} 41. Bxd7 {[%emt 0:00:39]} Rxd7 {[%emt 0:00:04]} 42. Bxe7+ {[%emt 0:00:20]} Kxe7 {[%emt 0:00:02]} 43. Rxa4 {[%emt 0:22:15]} 1/2-1/2